Which grunge band do these lyrics belong to? - Statistics

General Stats
  • This quiz has been taken 117 times
  • The average score is 3 of 7
Answer Stats
Question Answer % Correct
"A truant finds home, and I wish to hold on" Pearl Jam
58%
"Down in the hole, Jesus tries to crack a smile" Soundgarden
50%
"Stare at me with empty eyes, and point your words at me" Alice In Chains
42%
"If you ever need anything please don't hesitate to ask someone else first" Nirvana
33%
"Like the little beast in a small cold room sat writhing in pain all afternoon" Tad
33%
"I dream to heal your wounds, but I bleed myself" Sunny Day Real Estate
25%
"Lost my mind about a million times, still ain't sure what I'm looking for" Mudhoney
17%
No matching quizzes found
Score Distribution
Percent of People with Each Score
Percentile by Number Answered
Your Score History
You have not taken this quiz